Fixed or flexible? getting the exchange rate right in the 1990s
Na minha lista:
| Autor principal: | |
|---|---|
| Outros Autores: | |
| Formato: | Livro |
| Idioma: | inglês |
| Publicado em: |
Washington
International Monetary Fund
1998
|
| Colecção: | Economic issues
13 |
| Assuntos: | |
| Tags: |
Sem tags, seja o primeiro a adicionar uma tag!
|
MARC
| LEADER | 00000nam a2200000 4500 | ||
|---|---|---|---|
| 001 | c100881 | ||
| 005 | 20221221082411.8 | ||
| 020 | |a 1-55775-692-9 | ||
| 022 | |a 1020-5098 | ||
| 041 | 0 | |a eng | |
| 044 | |a US | ||
| 245 | 1 | 0 | |a Fixed or flexible? |b getting the exchange rate right in the 1990s |c Francesco Caramazza, Jahangir Aziz |
| 264 | 1 | |a Washington |b International Monetary Fund |c 1998 | |
| 300 | |a 18 s. | ||
| 490 | 1 | |a Economic issues |v 13 | |
| 830 | 0 | |a Economic issues |v 13 | |
| 610 | 2 | 0 | |a kurz devízový |
| 610 | 2 | 0 | |a mena |
| 610 | 2 | 0 | |a peniaze |
| 610 | 2 | 0 | |a krajiny rozvojové |
| 610 | 2 | 0 | |a politika menová |
| 610 | 2 | 0 | |a kôš menový |
| 610 | 2 | 0 | |a rast hospodársky |
| 610 | 2 | 0 | |a kapitál |
| 610 | 2 | 0 | |a banky |
| 610 | 2 | 0 | |a konvertibilita |
| 610 | 2 | 0 | |a účty kapitálové |
| 100 | 1 | |a Caramazza, Francesco | |
| 700 | 1 | |a Aziz, Jahangir | |